|
|
|
|
| LEADER |
00000nab a2200000 a 4500 |
| 001 |
vtls000861518 |
| 003 |
SK-MaSNL |
| 005 |
20260302171738.0 |
| 008 |
180206c2004 xo 0 slo |
| 015 |
|
|
|a SNBRB2004/02-03892
|
| 035 |
|
|
|a CLN000213113
|
| 040 |
|
|
|a SNKBUCL
|b slo
|c SNKBUCL
|e AACR2
|
| 041 |
0 |
|
|a slo
|
| 044 |
|
|
|a xo
|c SK
|
| 080 |
|
|
|a 796.966.093.1
|2 UDC-MRF-SK2
|
| 245 |
0 |
0 |
|a Považania predviedli nevšedný zvrat
|b 1. hokejová liga - 39. kolo: posledný potrápil lídra
|
| 300 |
|
|
|b Tab.
|
| 650 |
0 |
7 |
|a hokej ľadový
|x liga 1.
|x kolo 39.
|y sezóna 2003/2004
|2 snkbucl
|9 876456
|
| 655 |
|
7 |
|a články z novín a časopisov
|2 snkbucl
|9 267496
|
| 773 |
0 |
|
|x 0139-7001
|t Šport
|g Roč. 58, č. 25 (31.1.2004), s. 5
|
| 850 |
|
|
|a Slovenská národná knižnica v Martine
|
| 852 |
|
|
|a SNK
|b KIS3GCP
|
| 958 |
|
|
|a RBX
|
| 999 |
|
|
|c 1396830
|d 1398760
|